Women labour : (Record no. 42255)

MARC details
000 -LEADER
fixed length control field 00811nam a22002177a 4500
005 - DATE AND TIME OF LATEST TRANSACTION
control field 20100817113147.0
010 ## - LCCN (DPL NO)
LC control number ENG-100628
020 ## - INTERNATIONAL STANDARD BOOK NUMBER
International Standard Book Number 9788184840063
Terms of availability 380.00
035 ## - SYSTEM CONTROL NUMBER
System control number EN-84161
037 ## - SOURCE OF ACQUISITION
Source of stock number/acquisition DBAD/PUB
082 ## - DEWEY DECIMAL CLASSIFICATION NUMBER
Classification number 331.40954552
100 ## - MAIN ENTRY--PERSONAL NAME
Personal name Chhina, S. S.
245 ## - TITLE STATEMENT
Title Women labour :
Remainder of title problem and policy implications /
Statement of responsibility, etc by S. S. Chhina
260 ## - PUBLICATION, DISTRIBUTION, ETC. (IMPRINT)
Place of publication, distribution, etc New Delhi
Name of publisher, distributor, etc Regal Publications
Date of publication, distribution, etc 2009
270 ## - ADDRESS
Address F-159, Rajouri Garden
City New Delhi
Postal code 110027
300 ## - PHYSICAL DESCRIPTION
Extent x,89p.
Dimensions 22cm (Hb)
500 ## - GENERAL NOTE
General note includes bibliographical references
650 ## - SUBJECT ADDED ENTRY--TOPICAL TERM
Topical term or geographic name as entry element Women in Economic Development
942 ## - ADDED ENTRY ELEMENTS (KOHA)
Source of classification or shelving scheme Dewey Decimal Classification
Item type English Books
Classification part 331.40954552
Call number suffix CHH
Holdings
Withdrawn status Lost status Not for loan Collection code Home library Current library Date acquired Source of acquisition Cost, normal purchase price Full call number Barcode Copy number Cost, replacement price Koha item type
    Not For Loan Fiction D.B.Act.Division D.B.Act.Division 17/08/2010 DBAD/PUB 380.00 331.40954552 CHH EN-84161 1 380.00 English Books

© Delhi Public Library
Hit Counter
free hit counter